000 02083cam a2200505 i 4500
001 19152353
003 OSt
005 20260428170718.0
008 160625t20152015ph a b 001 0 eng d
010 _a 2016329565
020 _a9786219523400
035 _a19152353
035 _a(OCoLC)933561222
040 _aCOD
_bFoundation University
_cFoundation University
_erda
042 _alccopycat
_alcode
043 _aa-ph---
050 0 0 _aN 7325
_b.F56 2015
100 1 _aFlores, Patrick D.,
_eauthor.
_915314
245 1 0 _aArt after war, 1948-1969 /
_cPatrick D. Flores.
264 1 _aPasig City, Philippines :
_bPublished and exclusively distributed by The Modern Reader,
_c[2015]
264 4 _c©2015
_42015
300 _a252 pages :
_billustrations (chiefly color) ;
_c32 cm.
_3books
_fbooks
336 _atext
_btxt
_2rdacontent
_3books
336 _astill image
_bsti
_2rdacontent
_3books
337 _aunmediated
_bn
_2rdamedia
_3books
338 _avolume
_bnc
_2rdacarrier
_3n
490 0 _aPhilippine artscape
500 _aThe Modern Reader is a publishing imprint of Strathmore Management, Inc. Publication statement on verso of title page written as Strathmore Management, Inc.
504 _aIncludes bibliographical references (pages 244-245) and index.
546 _aIn English.
611 2 7 _aWorld War (1939-1945)
_2fast
_915745
648 7 _a1900 - 1999
_2fast
_99118
650 0 _aArt, Philippine
_y20th century.
_913168
650 0 _aWorld War, 1939-1945
_vArt and the war.
_915746
650 0 _aWorld War, 1939-1945
_xInfluence.
_915747
650 7 _aArt, Philippine.
_2fast
_911163
650 7 _aInfluence (Literary, artistic, etc.)
_2fast
_915748
651 7 _aPhilippines.
_2fast
_97289
655 7 _aArt.
_2fast
_915749
655 7 _aArt.
_2lcgft
_0https://id.loc.gov/authorities/genreForms/gf2017027218
_915749
906 _a7
_bcbc
_ccopycat
_d3
_encip
_f20
_gy-gencatlg
942 _2lcc
_cBK
_h N 7325
_i.2015 F56
_k(DAFA-FA)
999 _c5831
_d5831